[Event "Regionalliga Sued-Ost 1819"]
[Site "Bayern"]
[Date "2019.03.24"]
[Round "8.1"]
[White "Zenker, Ulrich"]
[Black "Bernauer, Thomas"]
[Result "1-0"]
[WhiteElo "2115"]
[BlackElo "1891"]
[PlyCount "95"]
[EventDate "2018.10.21"]
[EventType "team-tourn"]
[EventRounds "9"]
[EventCountry "GER"]
[SourceTitle "EXT 2022"]
[Source "ChessBase"]
[SourceDate "2021.10.06"]
[SourceVersion "1"]
[SourceVersionDate "2021.10.06"]
[SourceQuality "1"]
[WhiteTeam "Ebersberg Grafing"]
[BlackTeam "Grafenau"]
[WhiteTeamCountry "GER"]
[BlackTeamCountry "GER"]

1. d4 e6 2. Nf3 Nf6 3. g3 b5 4. Bg2 Bb7 5. 0-0 c5 6. a4 b4 7. Nbd2 d5 8. c4 Nbd7 9. cxd5 Bxd5 10. e4 Nxe4 11. Nxe4 Bxe4 12. Re1 Bd5 13. Ng5 Bxg2 14. Nxe6 fxe6 15. Rxe6+ Kf7 16. Kxg2 Kxe6 17. Qb3+ Kf6 18. h4 h6 19. Qf3+ Ke7 20. Qe4+ Kf7 21. Qd5+ Ke8 22. Qh5+ g6 23. Qxg6+ Ke7 24. Bg5+ hxg5 25. Re1+ Ne5 26. Rxe5+ Kd7 27. Rd5+ Kc7 28. Rxd8 Rxd8 29. hxg5 cxd4 30. Qd3 Bc5 31. g6 Rhg8 32. f4 Rde8 33. f5 Re3 34. Qc4 Rd8 35. Qxc5+ Kb7 36. Qxb4+ Ka8 37. Qd2 Re5 38. f6 d3 39. Qf4 Re2+ 40. Kh3 Re6 41. g7 Red6 42. f7 d2 43. Qf3+ Kb8 44. f8Q d1Q 45. Qxd1 Rxd1 46. Qf4+ Kc8 47. Qg4+ Kc7 48. Qxd1 1-0

[Event "Niederbayernliga 1516"]
[Site "Bayern"]
[Date "2016.03.13"]
[Round "8.1"]
[White "Swoboda, Philipp"]
[Black "Bernauer, Thomas"]
[Result "1-0"]
[WhiteElo "1991"]
[BlackElo "1972"]
[PlyCount "65"]
[EventDate "2015.10.11"]
[EventType "team-tourn"]
[EventRounds "9"]
[EventCountry "GER"]
[SourceTitle "EXT 2023"]
[Source "ChessBase"]
[SourceDate "2022.10.05"]
[SourceVersion "1"]
[SourceVersionDate "2022.10.05"]
[SourceQuality "1"]
[WhiteTeam "Roehrnbach II"]
[BlackTeam "Grafenau"]
[WhiteTeamCountry "GER"]
[BlackTeamCountry "GER"]

1. d4 e6 2. c4 d5 3. Nc3 c5 4. cxd5 cxd4 5. Qa4+ Bd7 6. Qxd4 exd5 7. Qxd5 Nf6 8. Qd1 Nc6 9. Nf3 Bc5 10. e3 Qe7 11. Be2 0-0-0 12. 0-0 g5 13. Nd4 Qe5 14. f4 gxf4 15. Rxf4 Qxf4 16. exf4 Nxd4 17. Kf1 Rhe8 18. Bd2 Rxe2 19. Nxe2 Bb5 20. Rc1 Ne4 21. Be3 Bxe2+ 22. Qxe2 Nxe2 23. Kxe2 Kb8 24. Bxc5 Rd2+ 25. Ke3 f5 26. Bd4 a6 27. g4 Rxh2 28. gxf5 Ng3 29. Be5+ Ka7 30. f6 Nf5+ 31. Ke4 Nh6 32. Rc7 Rd2 33. Rxh7 1-0

[Event "Niederbayernliga 0809"]
[Site "Germany"]
[Date "2009.01.18"]
[Round "5.4"]
[White "Senff, Rudolf"]
[Black "Bernauer, Thomas"]
[Result "0-1"]
[WhiteElo "1750"]
[BlackElo "1782"]
[PlyCount "61"]
[EventDate "2008.10.05"]
[EventType "tourn"]
[EventRounds "9"]
[EventCountry "GER"]
[SourceTitle "EXT 2010"]
[Source "ChessBase"]
[SourceDate "2010.11.25"]
[SourceVersion "1"]
[SourceVersionDate "2010.11.25"]
[SourceQuality "1"]
[WhiteTeam "Adlkofen"]
[BlackTeam "Grafenau"]
[WhiteTeamCountry "GER"]
[BlackTeamCountry "GER"]

1. Nf3 Nf6 2. g3 c5 3. Bg2 Nc6 4. 0-0 d5 5. d3 e5 6. Nbd2 Bd6 7. e4 0-0 8. exd5 Nxd5 9. Nc4 Bc7 10. Re1 f6 11. a4 Ndb4 12. Be3 Nd4 13. Bxd4 cxd4 14. Qd2 Nc6 15. b4 Be6 16. Reb1 e4 17. Ne1 f5 18. Na3 e3 19. Qe2 f4 20. g4 exf2+ 21. Kxf2 Qh4+ 22. Kf1 Rae8 23. Nf3 Qxg4 24. Qf2 Bd5 25. Nb5 Bb8 26. c4 dxc3 27. Nxc3 Bf7 28. Ne4 Bg6 29. h3 Qd7 30. Nc5 Qc7 31. Kg1 0-1

[Event "Niederbayern-ch MK 49th"]
[Site "Vilshofen"]
[Date "2008.??.??"]
[Round "7"]
[White "Lichtmannecker, Hans Juergen"]
[Black "Bernauer, Thomas"]
[Result "1-0"]
[WhiteElo "1614"]
[BlackElo "1836"]
[PlyCount "81"]
[EventDate "2008.??.??"]
[EventType "swiss"]
[EventRounds "7"]
[EventCountry "GER"]
[SourceTitle "EXT 2010"]
[Source "ChessBase"]
[SourceDate "2010.11.25"]
[SourceVersion "1"]
[SourceVersionDate "2010.11.25"]
[SourceQuality "1"]

1. g4 d5 2. Bg2 c6 3. c4 dxc4 4. b3 cxb3 5. Qxb3 Qd4 6. Bb2 Qb6 7. Qc2 Bxg4 8. Nc3 Nf6 9. Rb1 Nbd7 10. Nf3 Qd8 11. Rg1 e6 12. Na4 Nb6 13. Ne5 Bf5 14. d3 Bb4+ 15. Kf1 Qd6 16. Bf3 Bg6 17. Ba1 Ba5 18. Nc5 Nbd5 19. Rxb7 Bb6 20. Ncd7 Rc8 21. Nxb6 axb6 22. Qa4 0-0 23. Ra7 b5 24. Qa6 Nh5 25. Bxh5 Bxh5 26. Nd7 e5 27. Bxe5 Qe6 28. Rxg7+ Kh8 29. Rg5+ f6 30. Nxf8 Rxf8 31. Rxh5 Ne3+ 32. fxe3 fxe5+ 33. Ke1 Rf7 34. Rxf7 Qxf7 35. Qc8+ Kg7 36. Qg4+ Kh8 37. Rf5 Qe7 38. Qf3 h5 39. Rf8+ Kg7 40. Rf5 Qh4+ 41. Qg3+ 1-0

[Event "Niederbayernliga 0708"]
[Site "Germany"]
[Date "2007.12.09"]
[Round "4.4"]
[White "Bernauer, Thomas"]
[Black "Wimmer, Juergen"]
[Result "1-0"]
[WhiteElo "1803"]
[BlackElo "1780"]
[PlyCount "41"]
[EventDate "2007.10.21"]
[EventType "team-tourn"]
[EventRounds "9"]
[EventCountry "GER"]
[SourceTitle "EXT 2009"]
[Source "ChessBase"]
[SourceDate "2008.11.26"]
[SourceVersion "1"]
[SourceVersionDate "2008.11.26"]
[SourceQuality "1"]
[WhiteTeam "Grafenau"]
[BlackTeam "Vilshofen"]
[WhiteTeamCountry "GER"]
[BlackTeamCountry "GER"]

1. e4 d6 2. d4 Nf6 3. Nc3 g6 4. f4 Bg7 5. Nf3 0-0 6. Bd3 c5 7. dxc5 dxc5 8. Be3 Qa5 9. 0-0 Ng4 10. Bd2 Nc6 11. h3 Nh6 12. g4 f6 13. Qe1 Nf7 14. Qf2 e6 15. Nb5 Nb4 16. Qxc5 Nxd3 17. Qxf8+ Bxf8 18. Bxa5 Nxf4 19. Nc7 Rb8 20. Ne8 Be7 21. Bc7 1-0

[Event "Niederbayernliga 0708"]
[Site "Germany"]
[Date "2007.11.04"]
[Round "2.4"]
[White "Bernauer, Thomas"]
[Black "Fruehauf, Norbert"]
[Result "1/2-1/2"]
[WhiteElo "1803"]
[BlackElo "1960"]
[PlyCount "53"]
[EventDate "2007.10.21"]
[EventType "team-tourn"]
[EventRounds "9"]
[EventCountry "GER"]
[SourceTitle "EXT 2009"]
[Source "ChessBase"]
[SourceDate "2008.11.26"]
[SourceVersion "1"]
[SourceVersionDate "2008.11.26"]
[SourceQuality "1"]
[WhiteTeam "Grafenau"]
[BlackTeam "Simbach"]
[WhiteTeamCountry "GER"]
[BlackTeamCountry "GER"]

1. e4 e5 2. Nf3 Nc6 3. Bb5 a6 4. Ba4 Nf6 5. 0-0 b5 6. Bb3 Be7 7. Re1 0-0 8. c3 d6 9. h3 Na5 10. Bc2 c5 11. d4 Qc7 12. Nbd2 Re8 13. Nf1 g6 14. Bg5 Nh5 15. Ne3 Bxg5 16. Nxg5 Qe7 17. Nf3 Nf4 18. Nd5 Nxd5 19. exd5 cxd4 20. cxd4 f6 21. a4 b4 22. Re2 Qb7 23. Rc1 Bd7 24. dxe5 fxe5 25. Nh4 Rf8 26. Re3 Rf6 27. Rg3 1/2-1/2

[Event "Niederbayernliga 0708 playoff"]
[Site "Germany"]
[Date "2007.04.27"]
[Round "?"]
[White "Avdijaj, Avdullah"]
[Black "Bernauer, Thomas"]
[Result "0-1"]
[WhiteElo "1707"]
[BlackElo "1803"]
[PlyCount "44"]
[EventDate "2007.04.27"]
[EventType "team-tourn"]
[EventRounds "1"]
[EventCountry "GER"]
[SourceTitle "EXT 2009"]
[Source "ChessBase"]
[SourceDate "2008.11.26"]
[SourceVersion "1"]
[SourceVersionDate "2008.11.26"]
[SourceQuality "1"]
[WhiteTeam "Schaibing"]
[BlackTeam "Grafenau"]
[WhiteTeamCountry "GER"]
[BlackTeamCountry "GER"]

1. e4 e6 2. d4 d5 3. e5 c5 4. c3 Qb6 5. b3 Nc6 6. Nf3 cxd4 7. cxd4 Bb4+ 8. Ke2 Bd7 9. a3 Be7 10. Nc3 Rc8 11. Na4 Qc7 12. b4 f6 13. Bf4 fxe5 14. dxe5 g5 15. Nxg5 Bxg5 16. Bxg5 Qxe5+ 17. Be3 d4 18. Nc5 Nf6 19. Nd3 Qh5+ 20. g4 Nxg4 21. Nf4 Qe5 22. Ke1 dxe3 0-1

[Event "Niederbayernliga 0607"]
[Site "Germany"]
[Date "2007.??.??"]
[Round "6.2"]
[White "Brueckl, Edgar"]
[Black "Bernauer, Thomas"]
[Result "1-0"]
[WhiteElo "1888"]
[BlackElo "1835"]
[PlyCount "41"]
[EventDate "2006.??.??"]
[EventType "team-tourn"]
[EventRounds "9"]
[EventCountry "GER"]
[SourceTitle "EXT 2008"]
[Source "ChessBase"]
[SourceDate "2007.11.25"]
[SourceVersion "1"]
[SourceVersionDate "2007.11.25"]
[SourceQuality "1"]
[WhiteTeam "Eggenfelden"]
[BlackTeam "Grafenau"]
[WhiteTeamCountry "GER"]
[BlackTeamCountry "GER"]

1. d4 Nf6 2. f4 g6 3. Nf3 Bg7 4. e3 0-0 5. Bd3 d6 6. 0-0 b6 7. Qe2 c5 8. c3 a5 9. Na3 Ba6 10. Nb5 Nc6 11. a4 cxd4 12. exd4 Re8 13. Bc4 Rc8 14. Bxf7+ Kh8 15. Bxe8 Nxe8 16. Qe6 Bxb5 17. axb5 Nc7 18. Qb3 Na7 19. Ng5 Qf8 20. Nf7+ Kg8 21. Nxd6+ 1-0